00227nam a22001097a 4500020001800000082000800018100002600026245001500052250001100067260003000078300000900108 a9788131773444 a150 aRobert A. Baran et al aPsychology a5th ed aNew DelhibPearsonc2014. a649p